Zmluva o obmedzení strategických útočných zbraní SALT 2
Enregistré dans:
| Format: | Livre |
|---|---|
| Langue: | slovaque |
| Publié: |
Bratislava
Pravda
1980
|
| Collection: | Fakty a argumenty
č. 3 |
| Tags: |
Pas de tags, Soyez le premier à ajouter un tag!
|
MARC
| LEADER | 00000nam a2200000 4500 | ||
|---|---|---|---|
| 001 | c141817 | ||
| 005 | 20041019155323.0 | ||
| 041 | 0 | |a slo | |
| 044 | |a SK | ||
| 245 | 1 | 0 | |a Zmluva o obmedzení strategických útočných zbraní |b SALT 2 |
| 264 | 1 | |a Bratislava |b Pravda |c 1980 | |
| 300 | |a 63 s. | ||
| 490 | 1 | |a Fakty a argumenty |v č. 3 | |
| 830 | 0 | |a Fakty a argumenty |v č. 3 | |